Аленький цветочек (Запись № 11091583)

Подробности
000 -МАРКЕР
контрольное поле 01794nam0a2200409 i 4500
001 - ИДЕНТИФИКАТОР ЗАПИСИ
контрольное поле RU\NLR\BIBL_A\011323256
005 - ИДЕНТИФИКАТОР ВЕРСИИ
контрольное поле 20260406113658.0
010 ## - МЕЖДУНАРОДНЫЙ СТАНДАРТНЫЙ НОМЕР КНИГИ (ISBN)
Номер (ISBN) 978-5-295-06374-9
Тираж 3000
021 ## - НОМЕР ГОСУДАРСТВЕННОЙ РЕГИСТРАЦИИ
Код страны российская федерация
Номер 2017-1041
Номер Листа государственной регистраци 80
035 ## - ДРУГИЕ СИСТЕМНЫЕ НОМЕРА
Идентификатор записи (NLR Aleph) 011323256
100 ## - ДАННЫЕ ОБЩЕЙ ОБРАБОТКИ
Данные общей обработки 20170209d2016 bc y0rusy50 ca
101 1# - ЯЗЫК РЕСУРСА
Язык текста, звукозаписи и т.д. русский
-- башкирский
-- английский
Язык оригинала русский
102 ## - СТРАНА ПУБЛИКАЦИИ ИЛИ ПРОИЗВОДСТВА
Страна публикации российская федерация
105 ## - ПОЛЕ КОДИРОВАННЫХ ДАННЫХ: ТЕКСТОВЫЕ МАТЕРИАЛЫ, МОНОГРАФИЧЕСКИЕ
Кодированные данные о монографическом текстовом документе a z 000ay
200 1# - ЗАГЛАВИЕ И СВЕДЕНИЯ ОБ ОТВЕТСТВЕННОСТИ
Основное заглавие Аленький цветочек
Параллельное заглавие Ал сәскә
-- The scarlet flower
Сведения, относящиеся к заглавию [сказка на русском, башкирском и английском языках]
Первые сведения об ответственности Сергей Аксаков
Последующие сведения об ответственности [пер.: на башк. яз. - Гульнур Якупова, на англ. яз. - Рушан Каримов
-- ил. Алсу Хамматовой]
Язык параллельного заглавия башкирский
-- английский
210 ## - ПУБЛИКАЦИЯ, РАСПРОСТРАНЕНИЕ И ДР.
Место издания, распространения и т.д. Уфа
Имя издателя, распространителя и т. д. Китап
Дата издания, распространения и т.д. 2016
215 ## - ФИЗИЧЕСКАЯ ХАРАКТЕРИСТИКА
Специфическое обозначение материала и объем 143, [1] с.
Другие сведения о физической характеристике цв. ил.
Размеры 25
300 ## - ОБЩИЕ ПРИМЕЧАНИЯ
Текст примечания Авт. также на англ. яз.: Sergei Aksakov
300 ## - ОБЩИЕ ПРИМЕЧАНИЯ
Текст примечания Текст на рус., башк. и англ. яз.
510 1# - ПАРАЛЛЕЛЬНОЕ ЗАГЛАВИЕ
Параллельное заглавие Ал сәскә
Язык заглавия башкирский
510 1# - ПАРАЛЛЕЛЬНОЕ ЗАГЛАВИЕ
Связь между полями z11790
Параллельное заглавие The scarlet flower
Язык заглавия английский
686 0# - ИНДЕКСЫ ДРУГИХ КЛАССИФИКАЦИЙ
Индекс Ш9(2)60=Р5-4
686 0# - ИНДЕКСЫ ДРУГИХ КЛАССИФИКАЦИЙ
Индекс Ш9(2)68
700 #1 - ИМЯ ЛИЦА - ПЕРВИЧНАЯ ОТВЕТСТВЕННОСТЬ
Материалы, к которым относится поле rus
Графика поля Кириллица
Начальный элемент ввода Аксаков
Часть имени, кроме начального элемента ввода С. Т.
Даты 1791-1859
Расширение инициалов личного имени Сергей Тимофеевич
Идентификатор авторитетной/нормативной записи RU\NLR\AUTH\77127
Системный номер авторитетной/нормативной записи 110214
702 #1 - ИМЯ ЛИЦА - ВТОРИЧНАЯ ОТВЕТСТВЕННОСТЬ
Начальный элемент ввода Хамматова
Часть имени, кроме начального элемента ввода А. А.
Расширение инициалов личного имени Алсу А
Код отношения Карикатурист, Художник
702 #1 - ИМЯ ЛИЦА - ВТОРИЧНАЯ ОТВЕТСТВЕННОСТЬ
Начальный элемент ввода Якупова
Часть имени, кроме начального элемента ввода Г. М.
Даты 1948-
Расширение инициалов личного имени Гульнур Мидхатовна
Код отношения Переводчик
790 #1 - ИМЯ ЛИЦА - АЛЬТЕРНАТИВНАЯ ФОРМА
Материалы, к которым относится поле rus
Графика поля Латинская
Начальный элемент ввода Aksakov
Часть имени, кроме начального элемента ввода S. T.
Даты 1791-1859
Расширение инициалов личного имени Sergej Timofeevič
Идентификатор авторитетной/нормативной записи RU\NLR\AUTH\7716102
Системный номер авторитетной/нормативной записи 125745
852 ## - МЕСТОНАХОЖДЕНИЕ И ШИФР ХРАНЕНИЯ
Идентификатор организации NLR
Наименование фонда или коллекции (Sub-Location Identifier) ОНЛ
Шифр хранения (Call Number) Башк./4-584
942 ## - ДОПОЛНИТЕЛЬНЫЕ ЭЛЕМЕНТЫ ЗАПИСИ (АБИС)
Тип экземпляра АБИС Книга
980 ## - КОЛЛЕКЦИЯ
Название коллекции НБР

Нет доступных экземпляров.